Random Order: Capitals of Europe - Statistics

General Stats
  • This quiz has been taken 1,037 times
  • The average score is 41 of 45
Answer Stats
Country Capital % Correct
Germany Berlin
98%
France Paris
98%
Netherlands Amsterdam
97%
Greece Athens
97%
Ireland Dublin
97%
United Kingdom London
97%
Spain Madrid
97%
Russia Moscow
97%
Italy Rome
97%
Ukraine Kyiv
96%
Portugal Lisbon
96%
Monaco Monaco
96%
Norway Oslo
96%
Vatican City Vatican City
96%
Austria Vienna
96%
Poland Warsaw
96%
Switzerland Bern
95%
Belgium Brussels
95%
Hungary Budapest
95%
Denmark Copenhagen
95%
Finland Helsinki
95%
Luxembourg Luxembourg
95%
San Marino San Marino
95%
Sweden Stockholm
95%
Czech Republic Prague
94%
Iceland Reykjavik
93%
Romania Bucharest
92%
Bulgaria Sofia
92%
Croatia Zagreb
92%
Belarus Minsk
91%
Latvia Riga
89%
Bosnia and Herzegovina Sarajevo
89%
Estonia Tallinn
88%
Andorra Andorra la Vella
87%
Serbia Belgrade
86%
Albania Tirana
86%
Malta Valletta
85%
Lithuania Vilnius
85%
Slovakia Bratislava
84%
Slovenia Ljubljana
83%
Liechtenstein Vaduz
83%
North Macedonia Skopje
82%
Moldova Chisinau
79%
Montenegro Podgorica
77%
Kosovo Pristina
77%
No matching quizzes found
Score Distribution
Percent of People with Each Score
Percentile by Number Answered
Your Score History
You have not taken this quiz